000 00327nam a22001457a 4500
003 SGT
082 _a343.9990954,SHA
100 _aSHARMA, VAKUL
245 _aINFORMATION TECHNOLOGY LAW AND PRACTICE
250 _a2ND
260 _aNEW DELHI
_bUNIVERSAL BOOK
_c2010
300 _a328
650 _aIT LAW
942 _2ddc
_cBK
_01
999 _c9797
_d9797